Państwa z eksklawami - Statystyki

Ogólne statystyki
  • Ten quiz został rozwiązany 44 razy
  • Średni wynik to 7 z 9
Statystyki odpowiedzi
Eksklawa Państwo % Poprawnych
Królewiec/Kaliningrad Rosja
100%
Alaska Stany zjednoczone
100%
Irlandia Północna Wielka Brytania
98%
Dubrovnik Chorwacja
85%
Melilla & Ceuta Hiszpania
68%
Północne Borneo Malezja
65%
Nachiczewan Azerbejdżąn
53%
Baarle-Hertog Belgia
48%
Ras al-Dżibal Oman
35%
Nie znaleziono quizów pasujących do podanych kryteriów
Rozkład punktacji
Procent ludzi z każdym wynikiem
Percentyl według liczby udzielonych odpowiedzi
Twoja historia wyników
Nie rozwiązałeś tego quizu